[Event "Romanian Team Rapid Open 2022"]
[Site "Sebes"]
[Date "2022.12.03"]
[Round "8.23"]
[White "Duma, Ioan-Gheorghe"]
[Black "Butolo, Alexandru-Mircea"]
[Result "0-1"]
[WhiteElo "1782"]
[BlackElo "2043"]
[Annotator "TA"]
[PlyCount "174"]
[EventDate "2022.12.03"]
[EventType "rapid"]
[EventCountry "ROU"]
[SourceTitle "playchess.com"]
[Source "ChessBase"]
[SourceQuality "1"]

{[%evp 21,174,0,0,-10,32,-16,30,0,0,-8,-1,-1,0,0,0,0,0,-36,-20,-24,-31,-33,-43,-53,0,-41,36,38,64,-37,-12,-34,12,0,120,0,147,0,0,0,105,42,135,94,235,212,232,223,291,309,319,211,202,104,226,226,291,197,226,-383,-393,-372,145,0,0,0,6,0,18,-262,-262,-256,-262,-244,-236,-528,-475,-29983,-29984,-29994,-29995,-29995,-736,-29995,-12835,-29996,-12835,-12836,-12836,-12836,-12837,-12839,-12839,-12841,-12840,-12845,-12838,-12838,-12835,-12839,-597,-12844,-12844,-12845,-12845,-12845,-12844,-12845,-12845,-12845,-12841,-12846,-12846,-12847,-12847,-12849,-12849,-12850,-12847,-12847,-12847,-12848,-12848,-12849,-12849,-12850,-12849,-12850,-12849,-12850,-12850,-12850,-27999,-27998,-27998,-27998,-27998,-27998,-27999,-27999,-27999,-27999,-27999,-27999,-27998,-27999,-27999,-27999,-27999,-27999,-27999,-27999,-27999,-27999,-27999]} 1. d4 Nf6 2. c4 e6 3. Nf3 d5 4. Nc3 Bb4 5. e3 O-O 6. a3 Bxc3+ 7. bxc3 b6 8. cxd5 exd5 9. Bd3 Ba6 10. O-O c5 11. Bxa6 Nxa6 12. Qa4 {E53: Nimzo-Indian: Rubinstein: Main Line (4...0-0 5 Nf3 d5 6 Bd3 c5 7 0-0).} Nc7 13. c4 {[#]} (13. dxc5 $14 {might be stronger.} bxc5 14. c4) 13... Qe7 $146 (13... Qe8 {is more appropriate.} 14. Qb3 Qe6) ({Predecessor:} 13... Qe8 14. Qc2 Qe4 15. Qe2 Qe6 16. cxd5 Ncxd5 17. Bb2 Rac8 18. dxc5 Rxc5 19. Nd4 Qe4 {½-½ (29) Liverios,T (2230)-Grigoriou,M Kallithea 1978}) 14. Bd2 {White has an edge.} Ne4 15. Be1 Qe6 16. cxd5 Nxd5 17. dxc5 Nxc5 {Pair of Knights!} 18. Qh4 h6 19. a4 Rfe8 20. a5 b5 21. Nd4 Qd7 22. Qh5 {[%cal Od4b5]} Nd3 (22... Ne4 $15) 23. Bd2 (23. Rd1 $5 {[%cal Rd1d3]} Nxe1 24. Rfxe1 $11) 23... Re5 (23... a6 $15) 24. Qe2 $14 N3f4 25. Qf3 (25. exf4 $2 Rxe2 26. Nxe2 b4 $19) (25. Qxb5 $14 Qxb5 26. Nxb5 Ne2+ 27. Kh1) 25... Ne6 $15 26. Rfc1 Ng5 (26... Nxd4 $15 27. exd4 Ree8) 27. Qe2 Rae8 (27... Nf4 $11 28. Qf1 Nfe6) 28. Qf1 (28. Nxb5 $2 Nf4 29. Qf1 Nxg2 $19) (28. Qxb5 $16 Qxb5 29. Nxb5) 28... Qg4 (28... a6 $11 {remains equal.}) 29. Kh1 (29. f3 $16 Qd7 30. Qxb5 (30. Nxb5 Nxe3 31. Bxe3 Rxb5 $11)) 29... Ne4 $11 30. Be1 Qg6 (30... a6 $11) 31. Rc6 (31. Nf3 $1 $16 {[%cal Rf3e5]}) 31... Qh5 ({Black should try} 31... Qg4 $1 $14) 32. Rac1 Ndf6 (32... b4 $16) 33. f3 $18 Ng5 34. e4 (34. Nxb5 Nxf3 $1 35. gxf3 Rxb5 $11) 34... Ne6 35. Nf5 Kh7 36. Ng3 Qg5 37. Qf2 {Against b4} ({Better is} 37. a6 $18) 37... h5 (37... Rd8 $16) 38. Bd2 (38. Qxa7 $6 h4 $16) 38... Qg6 39. h4 (39. Qxa7 h4 $18) 39... Nd4 40. Bf4 $4 {[%mdl 8192]} Nxc6 $19 41. Rxc6 {[%cal Of2a7] [#]} R5e6 $2 {[#]} ({Black should play} 41... Nxe4 $1 $19 {[%mdl 512]} 42. Nxe4 Qxc6 43. Bxe5 Rxe5 44. Qxa7 f6) 42. Rxe6 ({Only move:} 42. Rc5 $1 $16 {[%cal Rc5g5] Black must now prevent Rg5.} Nd7 43. Rxh5+ (43. Rxb5 Qf6 $16) 43... Kg8 44. Rxb5 (44. Qxa7 Qf6 $16)) 42... Rxe6 $11 43. Qxa7 Ne8 44. Qc5 Nd6 45. Nf5 $2 {[%mdl 8192]} (45. Qxh5+ $2 Qxh5 46. Nxh5 Nc4 $19) (45. a6 $11 Qf6 46. a7 (46. Qxh5+ Kg8 $11) (46. Nxh5 Qxh4+ 47. Kg1 Qe1+ 48. Kh2 Qh4+ 49. Kg1 Qe1+ 50. Kh2 Qh4+ 51. Kg1 $11) 46... Qxf4 47. a8=Q (47. a8=B $2 Qxg3 48. Qc1 Nc4 $19) 47... Qxh4+ 48. Kg1 Qxg3 49. Qf2 (49. Qxh5+ $2 Rh6 $19)) 45... Nxf5 $19 46. exf5 {[%mdl 4096] Endgame KQR-KQB} Re1+ 47. Kh2 Qf6 {[%cal Rf6h4]} 48. Bg3 (48. Kg3 {only move.}) 48... Rb1 {Hoping for ...b4.} 49. Qc8 (49. a6 $19 Qxa6 50. f6 Qxf6 51. Qxh5+ Kg8 52. Qd5) 49... Qa1 {[%csl Ga1][%cal Rb1h1]} 50. Bf2 Rh1+ 51. Kg3 b4 (51... Qe5+ $142 52. f4 Qe2 53. Qh8+ Kxh8 54. Bd4 Qd3+ 55. Kf2 Rf1#) 52. a6 Qe5+ 53. f4 Qc3+ (53... Qe2 $142 54. Bg1 Rxg1 55. Qa8 Qe1+ 56. Kh3 Rh1#) 54. Qxc3 bxc3 {KR-KB} 55. a7 Ra1 56. Be3 c2 57. Kf2 {[#]} Rxa7 $3 {[%mdl 512]} 58. Ke2 (58. Bxa7 c1=Q) 58... Rc7 {( -> ...Re7)} 59. Bc1 Rc5 60. Kd3 g6 (60... Rxf5 $142 61. Kxc2 Rf6) 61. fxg6+ Kxg6 62. Kd4 Rc8 63. Ke4 Rc4+ 64. Kd3 Rc7 65. Ke4 Ra7 66. Kd3 Kf5 67. g3 Kg4 68. Kxc2 Rc7+ 69. Kd2 Kxg3 70. Bb2 Kxf4 71. Bf6 Rc6 72. Bg5+ Kg4 73. Ke3 Re6+ 74. Kd4 Re1 75. Bf6 Rh1 76. Ke5 Rxh4 77. Bxh4 {Black mates.} Kxh4 {KP-KP} 78. Kf4 f6 {[%cal Bf7f6,Bf6f5,Bf5f4,Bf4f3,Bf3f2][%mdl 32]} 79. Kf3 Kg5 {[%cal Bh4g5,Bg5f4,Bf4e3,Be3e2][%mdl 32]} 80. Kg3 h4+ 81. Kh3 f5 82. Kh2 Kf4 83. Kh3 Ke3 84. Kg2 Ke2 85. Kh3 f4 86. Kxh4 f3 87. Kg3 f2 {Weighted Error Value: White=0.75/Black=0.70} 0-1

[Event "Romanian Team Rapid Open 2022"]
[Site "Sebes"]
[Date "2022.12.03"]
[Round "8.24"]
[White "Prelipcean, Eric-Matei"]
[Black "Chiheri, Alexandru-Virgil"]
[Result "1/2-1/2"]
[WhiteElo "1909"]
[BlackElo "1937"]
[Annotator "TA"]
[PlyCount "56"]
[EventDate "2022.12.03"]
[EventType "rapid"]
[EventCountry "ROU"]
[SourceTitle "playchess.com"]
[Source "ChessBase"]
[SourceQuality "1"]

{[%evp 17,56,0,0,0,37,22,51,49,38,34,56,25,14,23,187,187,188,185,184,0,0,0,0,0,0,0,0,0,0,0,0,0,0,0,0,0,0,0,0,0,0]} 1. d4 d5 2. c4 c6 3. Nc3 Nf6 4. Nf3 e6 5. e3 Bd6 6. Be2 Nbd7 7. O-O O-O 8. b3 Qe7 9. Qc2 b6 10. Bb2 {D45: Semi-Slav: 5 e3.} dxc4 11. Bxc4 {[#]} (11. bxc4 {simplifies} Bb7 12. a4 a5 13. Rad1) 11... e5 $146 (11... Bb7 {simplifies} 12. Rad1 Rad8 13. Rfe1 Rfe8) ({Predecessor:} 11... Bb7 12. Rad1 Bb4 13. e4 Rfd8 14. Rfe1 a6 15. Bd3 Nf8 16. e5 Nd5 17. Nxd5 cxd5 {½-½ (35) Leiner,R (2357)-Calio,M (2334) ICCF email 2015}) 12. Ne4 {White is slightly better.} Nxe4 13. Qxe4 {[%cal Rd4e5]} Nf6 {[%cal Bd7f6,Bf6g4,Bg4h2][%mdl 32]} 14. Qxc6 (14. Qh4 $5 {[%cal Rd4e5]} e4 15. Ne5 $14) 14... Bb7 15. Qb5 {[%cal Rd4e5]} Qd8 $2 (15... e4 $1 $11 {and Black is okay.} 16. Nd2 Qd8) 16. dxe5 $18 (16. Nxe5 $6 a6 17. Nxf7 (17. Qa4 $2 b5 $19) 17... Rxf7 18. Bxf7+ Kxf7 $14) 16... a6 17. Bxf7+ Rxf7 {[#]} 18. Qe2 (18. Qc4 $1 $18 {Ng5 is the strong threat.} b5 19. Qe6 Bxf3 20. gxf3 (20. Qxd6 Qxd6 21. exd6 Bb7 $15)) 18... Ng4 $1 $36 {[%mdl 2048] White is under pressure. The position is equal.} (18... Bxf3 $2 19. gxf3 Be7 20. exf6 Bxf6 21. Rfd1 $18) 19. Rad1 {[%mdl 64] Pin} Bxf3 20. gxf3 {The board is on fire.} Nxh2 $1 21. f4 Qh4 ({Much less strong is} 21... Nxf1 22. Kxf1 (22. Rxd6 Qh4 $14) 22... Qc7 23. exd6 $16 (23. Rxd6 Rd8 $16)) 22. exd6 {[%cal Od1d3]} ({But not} 22. Rxd6 Qh3 23. e6 Re7 $15) 22... Ng4 {[%csl Gg4][%cal Rh4h2] [#]} 23. Kg2 {Strongly threatening Rh1.} Qh2+ 24. Kf3 {aiming for Rh1.} Qh5 25. Kg3 Qh2+ 26. Kf3 {Black must now prevent Rh1.} Qh5 27. Kg3 Qh2+ 28. Kf3 {Hoping for Rh1.} Qh5 {Weighted Error Value: White=0.20 (precise) /Black=0.13 (very precise)} 1/2-1/2

[Event "Romanian Team Rapid Open 2022"]
[Site "Sebes"]
[Date "2022.12.03"]
[Round "8.25"]
[White "Teodorescu, Razvan"]
[Black "Burja-Udrea, Razvan-Andrei"]
[Result "1-0"]
[WhiteElo "2118"]
[BlackElo "1365"]
[Annotator "TA"]
[PlyCount "103"]
[EventDate "2022.12.03"]
[EventType "rapid"]
[EventCountry "ROU"]
[SourceTitle "playchess.com"]
[Source "ChessBase"]
[SourceQuality "1"]

{[%evp 18,102,60,52,271,267,260,283,295,277,289,286,334,324,325,321,422,422,420,404,464,458,538,527,481,435,490,491,598,560,769,836,836,794,727,679,648,642,1041,974,1628,1606,1287,1120,12837,12840,29988,29987,29986,29987,29987,29988,29988,29989,29989,1910,2194,2280,2217,2201,12830,5812,12843,12839,12841,12841,29990,29989,29990,12845,12846,12846,29989,29989,29989,29990,29991,29992,29991,29991,29991,29992,29995,29996,29997,29998,29999]} 1. d4 d5 2. c4 c6 3. Nf3 {[%cal Bg1f3,Bf3e5,Be5c4,Bc4d6][%mdl 32]} Nf6 4. Nc3 dxc4 5. a4 Bf5 6. Ne5 e6 7. Nxc4 Bb4 8. f3 c5 9. dxc5 Qxd1+ 10. Kxd1 {[#]} Bxc3 $146 {D17: Slav Defence: 5 a4 Bf5: Lines with 6 Nh4 and 6 Ne5.} (10... Ke7 $14) ({Predecessor:} 10... Bxc5 11. e4 Bg6 12. Nb5 Na6 13. Nbd6+ Ke7 14. Nxb7 Rhc8 15. Bf4 Bb4 16. Rc1 Nxe4 17. fxe4 Bxe4 18. Bd6+ Ke8 19. Bxb4 Nxb4 20. Ncd6+ {1-0 (20) Quintiliano Pinto,R (2469)-Ortega Amarelle,M (2463) Chess.com INT 2021}) 11. Nd6+ $18 ({Don't play} 11. bxc3 $6 O-O 12. e4 Bg6 $16) 11... Ke7 {[#] Threatens to win with ...Bb4.} 12. bxc3 Rd8 {White has a decisive advantage.} 13. e4 Bg6 14. Ke1 b6 {[#]} 15. cxb6 $1 axb6 16. Ba3 ({Don't do} 16. Nc4 Nfd7 17. Ba3+ Kf6) 16... Rxd6 17. e5 {[%mdl 64] Pin, Double Attack} Nd5 18. Bxd6+ Kd7 19. Bb5+ Kd8 20. Kd2 Nd7 21. g3 Rc8 22. c4 Ne7 23. a5 Nf5 24. a6 {Strongly threatening a7.} Ra8 25. a7 {Black must now prevent Bc6.} Nd4 {Prevents Bc6.} 26. Kc3 Nxb5+ 27. cxb5 Kc8 28. Kd4 Kb7 29. Rhc1 {[%csl Gd6][%cal Rc1c7]} Nc5 30. Bxc5 bxc5+ 31. Kxc5 {[%mdl 4096] Endgame Rd1 would kill now. KRR-KRB} Rc8+ 32. Kd6 Rd8+ 33. Ke7 Ra8 34. Kd7 Bd3 35. Rc7+ Kb6 36. Kd6 (36. Rc6+ $142 Kxb5 37. Rc8 Rxa7+ 38. Rxa7 Kb4 39. Rb7+ Bb5+ 40. Kd6 g6 41. Rb6) 36... Bxb5 37. Rxf7 Rd8+ 38. Kxe6 Bc6 {Inhibits a8Q.} 39. Rxg7 Bxf3 40. Rxh7 Bd5+ 41. Ke7 {[%cal Be6e7,Be7f6,Bf6e5,Be5d6][%mdl 32]} Kc7 42. Kf6+ Kb6 43. e6 (43. Rb1+ $142 Kc5 44. Rb8 Rg8 45. Rc7+ Kd4 46. Rxg8 Bxg8 47. a8=Q Bd5 48. Qa1+ Kd3 49. Rc3+ Kd4 50. Qb2 Bh1 51. Qd2+ Ke4 52. Re3#) 43... Rf8+ 44. Ke5 Ba8 45. e7 {White mates.} Re8 46. Kd6 Rg8 47. Rb1+ Ka6 48. Rb8 Rg6+ 49. Ke5 Re6+ 50. Kxe6 Bd5+ 51. Kxd5 {[%cal Ra7a8]} Ka5 52. a8=Q# {White took control after the opening.   Weighted Error Value: White=0.13 (very precise) /Black=0.56} 1-0

[Event "Romanian Team Rapid Open 2022"]
[Site "Sebes"]
[Date "2022.12.03"]
[Round "8.26"]
[White "Simina, Alexandru-Ioan"]
[Black "Cordea, David"]
[Result "0-1"]
[WhiteElo "1244"]
[BlackElo "2049"]
[Annotator "TA"]
[PlyCount "76"]
[EventDate "2022.12.03"]
[EventType "rapid"]
[EventCountry "ROU"]
[SourceTitle "playchess.com"]
[Source "ChessBase"]
[SourceQuality "1"]

{[%evp 11,75,-16,-13,-28,0,4,16,10,7,0,24,0,14,10,5,-22,-20,-87,-67,-74,-78,-195,-185,-195,-195,-235,-229,-237,-168,-244,-234,-855,-854,-966,-955,-938,-910,-1584,-938,-1358,-889,-1056,-1052,-1045,-1034,-1113,-1100,-29986,-29987,-29986,-29987,-29987,-29988,-29988,-29989,-29989,-29988,-29990,-29991,-29996,-29997,-29997,-29998,-29998,-29999,-29999]} 1. d4 Nf6 2. c4 e5 3. e3 Bb4+ 4. Bd2 Bxd2+ 5. Nxd2 exd4 6. exd4 O-O 7. Be2 {[#] A51: Budapest Gambit, Fajarowicz Variation.} c5 $146 ({Predecessor:} 7... Re8 8. Ngf3 Qe7 9. a3 d5 10. h3 Nc6 11. c5 Bf5 12. Nf1 Nh5 13. Ne3 Ng3 14. fxg3 Qxe3 {0-1 (27) Sachdeva,R-Ball,K (1287) Torquay 2022}) 8. dxc5 Na6 9. Ngf3 {The position is equal.} Nxc5 10. O-O a5 11. b3 b6 (11... d5 $5 {[%cal Rd5d4]}) 12. Qc2 d5 13. Nd4 dxc4 14. Bf3 {[#]} (14. Qxc4 $11 {remains equal.} Ba6 15. Qc3) 14... Qxd4 $1 {Black converts the advantage convincingly.} 15. Bxa8 Ba6 {Black is much more active. The white rooks are badly placed.} 16. Nxc4 (16. Bf3 $17 cxb3 17. Nxb3 Nxb3 18. Qxb3 Bxf1 19. Rxf1) 16... Bxc4 $19 17. bxc4 {Threatens to win with Rad1.} Rxa8 18. Rab1 Ncd7 {[%cal Bc5d7,Bd7b6,Bb6d5,Bd5f4][%mdl 32]} 19. Rfd1 Qg4 20. Qd3 (20. Rd6 $142) 20... Rc8 21. Rxb6 $2 (21. h3 Qe6 22. Rbc1) 21... Nxb6 22. c5 Nbd5 (22... Rxc5 $2 {leads to mate.} 23. Qd8+) 23. h3 Qe6 24. Rc1 g6 {[#] ...Nf4 is the strong threat.} 25. Qb5 Qc6 26. a4 Nf4 {[%csl Gf4][%cal Rc6g2]} 27. Qxc6 Rxc6 28. Rb1 Rxc5 29. Rb5 Rxb5 {Black mates.} 30. axb5 a4 31. b6 a3 32. b7 Nd7 33. g3 a2 34. b8=Q+ Nxb8 35. g4 a1=Q+ 36. Kh2 Qf1 {[%csl Gf4][%cal Rf1g2]} 37. Kg3 g5 {[%csl Gf4][%cal Rf1h3]} 38. Kf3 Qd3# {Weighted Error Value: White=1.22/Black=0.52} 0-1

[Event "Romanian Team Rapid Open 2022"]
[Site "Sebes"]
[Date "2022.12.03"]
[Round "8.27"]
[White "Campian, Cristian"]
[Black "Macarie, Maia-Elisabeta"]
[Result "1-0"]
[WhiteElo "1998"]
[BlackElo "1100"]
[Annotator "TA"]
[PlyCount "132"]
[EventDate "2022.12.03"]
[EventType "rapid"]
[EventCountry "ROU"]
[SourceTitle "playchess.com"]
[Source "ChessBase"]
[SourceQuality "1"]

{[%evp 9,132,0,0,0,10,5,25,8,22,10,6,-5,7,0,0,0,8,2,34,0,32,0,43,-23,34,40,66,57,72,68,70,71,73,29,25,0,0,0,0,0,0,-16,-7,0,0,0,47,0,97,104,112,97,100,85,95,84,110,116,211,214,203,173,177,116,123,131,420,420,407,400,906,458,423,-1002,-972,-990,-931,-914,1564,-471,-471,-741,1196,1156,1125,1019,864,-29993,-508,-1217,602,603,589,646,0,600,2419,1679,1950,1789,1779,1608,2541,2234,2431,1982,1927,1452,1293,1114,1270,1270,1877,1848,6466,5195,29983,29983,29986,29987,29989,29990,29990,29985,29983]} 1. e4 c5 2. Nc3 e6 3. g3 Nc6 4. Bg2 a6 5. a4 Be7 6. d3 {B24: Closed Sicilian: 3 g3 sidelines.} d6 7. f4 Qc7 8. Nf3 {White has an edge.} Bd7 {[#]} 9. Bd2 $146 ({Predecessor:} 9. O-O Bf6 10. Be3 Nge7 11. Qd2 Rc8 12. g4 g6 13. Nd1 h5 14. g5 Bg7 15. h4 {1-0 (37) Janik,M (1987)-Remen,I Zilina 2011}) 9... Nf6 10. b3 Rc8 11. O-O O-O 12. Ne2 d5 13. e5 Ne8 14. c4 d4 15. h3 g6 16. Be1 (16. a5 $14) 16... Ng7 (16... f6 $11) 17. g4 $14 Qb6 18. Ng3 Nb4 {[%cal Bc6b4,Bb4c2,Bc2e3][%mdl 32]} 19. Ne4 Bc6 20. a5 Qc7 21. Qe2 Bxe4 22. Qxe4 (22. dxe4 $5 {[%cal Re1b4]} Rcd8 23. Bd2 $14) 22... Nc2 23. Ra2 Ne3 (23... Nxe1 {simplifies} 24. Nxe1 Rb8 25. Nf3 f5) 24. Rff2 h5 25. Nh2 Bh4 26. Rfe2 Bxe1 27. Rxe1 b6 (27... Qd8 $11 {might be stronger.}) 28. Bf3 (28. Nf1 $14) 28... h4 (28... hxg4 $11 29. hxg4 bxa5) 29. Nf1 $16 Nxf1 30. Rxf1 bxa5 31. Rfa1 Rb8 32. Bd1 $1 (32. Rxa5 Rxb3 33. Rxa6 Qb8 $14) 32... Rb6 33. Rxa5 Qa7 (33... f5 $16 34. exf6 Rxf6) 34. Rxc5 $18 Rxb3 35. Rca5 (35. Qxd4 Rxd3 36. Qxd3 Qxc5+ 37. Kg2 Rb8 $11) (35. Bxb3 $6 Qxc5 36. Ba4 (36. Rxa6 Qb4 $16) 36... Rb8 $16) 35... Rb6 36. c5 (36. Qxd4 $18 {And now c5 would win.} Rfb8 37. Rb5 $3 {[%mdl 512]}) 36... Rb4 $16 37. Qc6 (37. Rxa6 Qxc5 38. Rc6 Qb5 $14) 37... Rfb8 $2 {[%mdl 8192]} (37... Qb8 $16 {keeps fighting.}) 38. Rxa6 $18 Qe7 39. Qd6 Qe8 (39... R4b7 $142 40. Ra7 Re8) 40. Ba4 Qc8 41. Bd7 $4 {[%mdl 8192]} (41. Ra7 $18 R4b7 42. Bc6 Rxa7 43. Rxa7) 41... Rb1+ $19 42. Kf2 R8b2+ 43. Kf3 Rxa1 $4 {[%mdl 8192]} (43... Qb7+ $19 44. Bc6 Qb3 45. Qb8+ Qxb8 46. Rxb1 Qb3 47. Rxb2 Qxd3+ 48. Kg2 Qxa6) 44. Rxa1 $4 {[%mdl 8192]} (44. Bxc8 $18 {is the narrow road to win.} Rf1+ 45. Ke4) 44... Qb7+ 45. c6 (45. Bc6 $142 Qb3 46. Qd8+ (46. Qxd4 $2 Qc2 $19) 46... Ne8 47. Qxd4 (47. Bxe8 $2 Qxd3#) (47. Qxe8+ $2 Kg7 $19)) 45... Rf2+ $4 {[%mdl 8192]} 46. Kxf2 $18 Qb2+ 47. Kf3 {Ra8+ would kill now.} Qxa1 {[%mdl 4096] Endgame KQB-KQN} 48. Ke4 $4 {[%mdl 8192] [#] Active counter play!} ({Stronger than} 48. Qb8+ Kh7 49. Ke2 (49. c7 $2 Qf1+ 50. Ke4 Qf2 $19) 49... Qa2+ 50. Ke1 (50. Kd1 Qa1+ 51. Ke2 Qa2+ 52. Kf1 Qd2 $11) 50... Qa1+ 51. Ke2 Qa2+ 52. Kf1 (52. Kd1 Qa1+ 53. Ke2 $11) 52... Qa1+ 53. Ke2 $11) (48. c7 $18 Qf1+ 49. Ke4) 48... Qg1 (48... Nf5 $142 $1 {[%mdl 512]} 49. Qb8+ Kg7 50. Qb1 Ng3+ 51. Kf3 Qxb1 52. g5 Qf1+ 53. Kg4 Qe2+ 54. Kxh4 Nf5#) 49. Qxd4 (49. Bxe6 $142 Nxe6 50. Qb8+ Kg7 51. Kd5 Qh1+ 52. Kd6 Qxh3 53. c7 Nxc7 54. f5 gxf5 55. Qxc7 Qxd3 56. Qd8 Qa6+ 57. Kc5 fxg4 58. Qxh4) 49... Qe1+ $4 {[%mdl 8192]} (49... Qg2+ $19 50. Ke3 Qg1+ 51. Ke4 Qg2+ 52. Ke3 {[#]} Nf5+ $1 {[%mdl 512]} 53. gxf5 Qg1+ 54. Ke2 Qxd4 55. fxe6 Qxf4) 50. Qe3 Qh1+ 51. Kd4 {[%cal Be4d4,Bd4c3,Bc3c4,Bc4b5,Bb5c5][%mdl 32]} Qd5+ 52. Kc3 {Black must now prevent Qa7.} Qb5 53. Qd4 Qa5+ 54. Qb4 Qa1+ 55. Kc4 Qc1+ 56. Kb5 {Strongly threatening Kb6.} Kh7 57. Qc4 Qb1+ 58. Kc5 {White threatens c7 and mate.} Qb8 {Prevents c7.} 59. Qb5 Qf8+ 60. Kc4 {Threatens to win with c7.} Qa8 61. c7 Qa2+ 62. Kc5 Qa7+ 63. Kc6 {White mates.} Qa8+ 64. Kb6 Qa1 65. c8=Q Qd4+ 66. Qcc5 Qxf4 {Weighted Error Value: White=0.71/Black=0.57} 1-0

[Event "Romanian Team Rapid Open 2022"]
[Site "Sebes"]
[Date "2022.12.03"]
[Round "8.29"]
[White "Zinca, Mircea-Adrian"]
[Black "Tariceanu, Victor"]
[Result "0-1"]
[WhiteElo "1638"]
[BlackElo "1720"]
[Annotator "NA RC COMBH"]
[PlyCount "50"]
[EventDate "2022.12.03"]
[EventType "rapid"]
[EventCountry "ROU"]
[SourceTitle "playchess.com"]
[Source "ChessBase"]
[SourceQuality "1"]

1. d4 Nf6 2. Nf3 e6 3. Bf4 Be7 4. h3 d5 5. e3 Ne4 6. Bd3 f5 7. O-O O-O 8. c4 c6 9. Nc3 Bd7 10. Ne5 Be8 11. Bh2 Nd7 12. f3 Nxe5 13. Bxe5 Nd6 14. Bxd6 Bxd6 15. f4 Bg6 16. Qc2 Qh4 17. Qf2 Qf6 18. Qc2 Rfe8 19. b3 c5 20. g4 cxd4 21. g5 Qd8 22. exd4 Qc7 23. Qd2 a6 24. cxd5 Bb4 25. Rac1 Rac8 0-1

[Event "Romanian Team Rapid Open 2022"]
[Site "Sebes"]
[Date "2022.12.03"]
[Round "8.29"]
[White "Popescu, Alexandru-Mihai"]
[Black "Schmit, Andrei-Marian"]
[Result "*"]
[WhiteElo "1634"]
[BlackElo "1323"]
[Annotator "NA RC COMBH"]
[PlyCount "29"]
[EventDate "2022.12.03"]
[EventType "rapid"]
[EventCountry "ROU"]
[SourceTitle "playchess.com"]
[Source "ChessBase"]
[SourceQuality "1"]

1. d4 Nf6 2. Nf3 e6 3. Bf4 Be7 4. h3 d5 5. e3 Ne4 6. Bd3 f5 7. O-O O-O 8. c4 c6 9. Nc3 Bd7 10. Ne5 Be8 11. Bh2 Nd7 12. f3 Nxe5 13. Bxe5 Nd6 14. Bxd6 Bxd6 15. f4 *

[Event "Romanian Team Rapid Open 2022"]
[Site "Sebes"]
[Date "2022.12.03"]
[Round "8.29"]
[White "Raditoiu, Laurentiu"]
[Black "Calugareanu, Ioana-Denisa"]
[Result "*"]
[WhiteElo "1316"]
[BlackElo "1396"]
[Annotator "NA COMBH"]
[PlyCount "20"]
[EventDate "2022.12.03"]
[EventType "rapid"]
[EventCountry "ROU"]
[SourceTitle "playchess.com"]
[Source "ChessBase"]
[SourceQuality "1"]

1. e4 e5 2. Nf3 Nc6 3. d4 exd4 4. Nxd4 Bc5 5. Be3 Nxd4 6. Bxd4 Bxd4 7. Qxd4 Qf6 8. e5 Qe6 9. Bc4 Qg6 10. O-O Ne7 *

[Event "Romanian Team Rapid Open 2022"]
[Site "Sebes"]
[Date "2022.12.03"]
[Round "8.30"]
[White "Popescu, Alexandru-Mihai"]
[Black "Schmit, Andrei-Marian"]
[Result "1-0"]
[WhiteElo "1634"]
[BlackElo "1323"]
[Annotator "NA RC COMBH"]
[PlyCount "73"]
[EventDate "2022.12.03"]
[EventType "rapid"]
[EventCountry "ROU"]
[SourceTitle "playchess.com"]
[Source "ChessBase"]
[SourceQuality "1"]

1. e4 e5 2. Nf3 Nc6 3. d4 exd4 4. Nxd4 Bc5 5. Be3 Nxd4 6. Bxd4 Bxd4 7. Qxd4 Qf6 8. e5 Qe6 9. Bc4 Qg6 10. O-O Ne7 11. Bd3 Qg5 12. Nc3 O-O 13. Ne4 Qh6 14. f4 Qb6 15. Qxb6 axb6 16. h3 Nc6 17. g4 Rd8 18. a3 Nd4 19. Rad1 Ne6 20. Bc4 h6 21. f5 Nc5 22. Nxc5 bxc5 23. e6 d5 24. exf7+ Kxf7 25. Bxd5+ Kf8 26. Bc4 Rxd1 27. Rxd1 Ke7 28. Kf2 Ra4 29. Re1+ Kd6 30. Be6 Bxe6 31. Rxe6+ Kd7 32. Ke3 Rd4 33. Ke2 b6 34. Rg6 Re4+ 35. Kd2 Re7 36. f6 Re6 37. f7 1-0

[Event "Romanian Team Rapid Open 2022"]
[Site "Sebes"]
[Date "2022.12.03"]
[Round "8.30"]
[White "Raditoiu, Laurentiu"]
[Black "Calugareanu, Ioana-Denisa"]
[Result "*"]
[WhiteElo "1316"]
[BlackElo "1396"]
[Annotator "NA COMBH"]
[PlyCount "22"]
[EventDate "2022.12.03"]
[EventType "rapid"]
[EventCountry "ROU"]
[SourceTitle "playchess.com"]
[Source "ChessBase"]
[SourceQuality "1"]

1. e4 e5 2. Nf3 Nc6 3. d4 exd4 4. Nxd4 Bc5 5. Be3 Nxd4 6. Bxd4 Bxd4 7. Qxd4 Qf6 8. e5 Qe6 9. Bc4 Qg6 10. O-O Ne7 11. Bd3 Qg5 *

[Event "Romanian Team Rapid Open 2022"]
[Site "Sebes"]
[Date "2022.12.03"]
[Round "8.31"]
[White "Popescu, Alexandru-Mihai"]
[Black "Schmit, Andrei-Marian"]
[Result "*"]
[WhiteElo "1634"]
[BlackElo "1323"]
[Annotator "NA COMBH"]
[PlyCount "25"]
[EventDate "2022.12.03"]
[EventType "rapid"]
[EventCountry "ROU"]
[SourceTitle "playchess.com"]
[Source "ChessBase"]
[SourceQuality "1"]

1. e4 e5 2. d4 d6 3. dxe5 dxe5 4. Qxd8+ Kxd8 5. Nf3 Nc6 6. Bb5 Nge7 7. O-O a6 8. Ba4 f6 9. Rd1+ Ke8 10. Nc3 Be6 11. Be3 b5 12. Nxb5 axb5 13. Bxb5 *

[Event "Romanian Team Rapid Open 2022"]
[Site "Sebes"]
[Date "2022.12.03"]
[Round "8.31"]
[White "Raditoiu, Laurentiu"]
[Black "Calugareanu, Ioana-Denisa"]
[Result "0-1"]
[WhiteElo "1316"]
[BlackElo "1396"]
[Annotator "NA RC COMBH"]
[PlyCount "58"]
[EventDate "2022.12.03"]
[EventType "rapid"]
[EventCountry "ROU"]
[SourceTitle "playchess.com"]
[Source "ChessBase"]
[SourceQuality "1"]

1. e4 e5 2. d4 d6 3. dxe5 dxe5 4. Qxd8+ Kxd8 5. Nf3 Nc6 6. Bb5 Nge7 7. O-O a6 8. Ba4 f6 9. Rd1+ Ke8 10. Nc3 Be6 11. Be3 b5 12. Nxb5 axb5 13. Bxb5 Rb8 14. a4 Kf7 15. Bc5 g6 16. c4 Na5 17. Nd2 c6 18. b4 cxb5 19. bxa5 bxc4 20. a6 Ra8 21. a7 Nc6 22. Rab1 Bxc5 23. Rb7+ Be7 24. Rdb1 Rxa7 25. Rxa7 Nxa7 26. Rb7 c3 27. Nb3 Bxb3 28. Rxb3 c2 29. Rc3 Rc8 0-1